Poorest US States A-Z - Statistics

General Stats
  • This quiz has been taken 19 times
  • The average score is 16 of 19
Answer Stats
Letter GDP per capita State % Correct
G 81,823 Georgia
100%
L 73,639 Louisiana
100%
A 63,703 Arkansas
87%
C 97,184 Colorado
87%
D 110,588 Delaware
87%
F 78,195 Florida
87%
H 86,967 Hawaii
87%
I 66,784 Idaho
87%
K 66,617 Kentucky
87%
O 66,554 Oklahoma
87%
P 80,895 Pennsylvania
87%
R 75,239 Rhode Island
87%
T 80,630 Tennessee
87%
U 89,286 Utah
87%
S 68,009 South Carolina
80%
V 75,001 Vermont
80%
N 71,879 New Mexico
73%
M 55,877 Mississippi
67%
W 79,199 Wisconsin
67%
No matching quizzes found
Score Distribution
Percent of People with Each Score
Percentile by Number Answered
Your Score History
You have not taken this quiz